Régimen de atención en el Hospital San Juan de Dios : (Registro nro. 30803)

Detalles MARC
000 -LEADER
fixed length control field 00471nam a22001457a 4500
003 - CONTROL NUMBER IDENTIFIER
control field OSt
005 - DATE AND TIME OF LATEST TRANSACTION
control field 20250715093826.0
008 - FIXED-LENGTH DATA ELEMENTS--GENERAL INFORMATION
fixed length control field 240812b |||||||| |||| 00| 0 eng d
020 ## - INTERNATIONAL STANDARD BOOK NUMBER
International Standard Book Number 9789589777756
040 ## - CATALOGING SOURCE
Transcribing agency CO-JMCR
082 ## - DEWEY DECIMAL CLASSIFICATION NUMBER
Classification number 362.11
Item number R43r
Edition number 23
245 ## - TITLE STATEMENT
Title Régimen de atención en el Hospital San Juan de Dios :
Remainder of title ordenanzas y relaciones Bogotá, 1868-1876 /
Statement of responsibility, etc. Estela Restrepo Zea, Ona Vileikis Pinilla.
300 ## - PHYSICAL DESCRIPTION
Extent 332 páginas ;
Dimensions 17 cm.
942 ## - ADDED ENTRY ELEMENTS (KOHA)
Source of classification or shelving scheme Dewey Decimal Classification
Koha item type Books
Existencias
Withdrawn status Lost status Source of classification or shelving scheme Damaged status Not for loan Home library Current library Shelving location Date acquired Total Checkouts Full call number Barcode Date last seen Copy number Price effective from Koha item type
    Dewey Decimal Classification     Biblioteca Pública José María del Castillo y Rada Biblioteca Pública José María del Castillo y Rada General Stacks 07/30/2024   362.11 R43r 201812282 08/12/2024 Ej.1 08/12/2024 Books